|
|
|
|
| LEADER |
01068pam a22003738a 4500 |
| 001 |
00033481 |
| 005 |
20171026081023.0 |
| 008 |
150915s2009 ||||||engsd |
| 020 |
# |
# |
|c 128000
|
| 041 |
0 |
# |
|a eng
|
| 082 |
1 |
4 |
|a 428
|b C104T
|
| 100 |
1 |
# |
|a Lee, Jim
|
| 245 |
1 |
0 |
|a Campus TOEIC
|c Jim Lee, Sandy Cho
|
| 260 |
# |
# |
|c 2009
|a T.P. Hồ Chí Minh
|b Tổng hợp T.P. Hồ Chí Minh; Công ty TNHH Nhân Trí Việt
|
| 300 |
# |
# |
|a 297 tr.
|c 28 cm.
|e 1 CD
|
| 500 |
# |
# |
|a Copyright by Jim Lee & Sandy Cho, 2008
|
| 653 |
# |
# |
|a Bài kiểm tra
|
| 653 |
# |
# |
|a Ngôn ngữ
|
| 653 |
# |
# |
|a Tiếng Anh
|
| 653 |
# |
# |
|a TOEIC
|
| 700 |
1 |
# |
|a Sandy, Cho
|
| 852 |
# |
# |
|b Kho giáo trình
|j KGT.0050698, KGT.0050771
|
| 852 |
# |
# |
|b Kho mượn
|j KGT.0050771
|
| 852 |
# |
# |
|j KD.0016854
|j KGT.0050698
|j KGT.0050771
|
| 852 |
# |
# |
|b Kho đọc
|j KD.0016854
|
| 910 |
0 |
# |
|d 15/9
|a kchi
|
| 980 |
# |
# |
|a Trung tâm Học liệu Lê Vũ Hùng, Trường Đại học Đồng Tháp
|